|
|
|
|
| LEADER |
01185nam a2200373 a 4500 |
| 001 |
000000673 |
| 005 |
20170807132858.0 |
| 008 |
000522s1859 xo e hun |
| FMT |
|
|
|
| 040 |
|
|
|a SVKKK
|b slo
|c SVKKK
|e AACR2
|
| 041 |
0 |
|
|a hun
|
| 044 |
|
|
|a xo
|c SK
|
| 080 |
|
|
|a 284
|
| 080 |
|
|
|a "1859"
|
| 130 |
2 |
|
|a A Tiszamelléki
|
| 245 |
0 |
2 |
|a A Tiszamelléki Ágost. Hitv. Evang. Egyházkerület Névtára :
|b az 1859dik évre.
|
| 260 |
|
|
|a Lőcsén :
|b Werthmüller János és fia betűivel,
|c 1859
|
| 300 |
|
|
|a 31,[11] s. [1]/8-2/8,3/4,4/1 [=21] list.
|c 8°. 19x12 cm
|
| 500 |
|
|
|a Linky ozdobné, typograf. ozdoby.
|
| 504 |
|
|
|a Na zl. 2/8b-41/a registre
|
| 510 |
4 |
|
|a Petrik II/878; OSZK.
|
| 561 |
|
|
|a Peč.: Štátna vedecká knižnica v Košiciach.
|
| 563 |
|
|
|a Brož. - bez obálok, chrbát prelepený pásom hnedého papiera.
|
| 653 |
1 |
|
|a evanjelická cirkev
|
| 653 |
1 |
|
|a zoznamy
|
| 653 |
2 |
|
|a potiský dištrikt
|
| 710 |
0 |
|
|a Werthmüller, Ján a syn,
|c Levoča
|d 1844-1895
|4 prt
|
| 752 |
|
|
|a Slovensko
|d Levoča
|
| 852 |
|
|
|p I.23615
|
| 904 |
|
|
|a a---y----fa------yyya-0001--
|
| 905 |
|
|
|a z--a0fb-
|5 -------
|
| 910 |
|
|
|a svkkk
|
| 998 |
|
|
|a MALETL
|
| BAS |
|
|
|